Invisible Memory Word Ladders Quiz Stats

Quiz Updated Aug 30, 2012

Challenge
Share
Tweet
Embed
Score 0/48 Timer 04:00
1 Play Today
Rung Clue/Word % Correct
B: Clue???
100%
D: Clue???
100%
A: Clue???
99.6%
A1:???
95.4%
C: Clue???
94.4%
B1:???
92.1%
A3:???
64.4%
A4:???
62.8%
A2:???
62.7%
B2:???
54.5%
C1:???
54.3%
C2:???
50.6%
A5:???
50.5%
A6:???
49.2%
A7:???
46.7%
A8:???
46.4%
A10:???
46.4%
A9:???
46.4%
E: Clue???
46%
A12:???
43.1%
A13:???
43%
A11:???
42.8%
D1:???
42.3%
E1:???
41.8%
Rung Clue/Word % Correct
A14:???
40.4%
B3:???
37.9%
A15:???
37.5%
E2:???
35.1%
C3:???
34.2%
D2:???
34.1%
B4:???
32.4%
D3:???
30.4%
B5:???
28.6%
D4:???
26.9%
E3:???
26.7%
C4:???
26.6%
E4:???
25.3%
D5:???
25.2%
E5:???
22.3%
B6:???
21.7%
C6:???
21.6%
B7:???
21.2%
C5:???
21.1%
C7:???
19.8%
E6:???
16.9%
D7:???
16.7%
E7:???
16.6%
D6:???
16.4%

You're not logged in!

Compare scores with friends on all Sporcle quizzes.
Join for Free
OR
Log In

You Might Also Like...

Show Comments

Extras

Top Quizzes Today


Score Distribution

Your Account Isn't Verified!

In order to create a playlist on Sporcle, you need to verify the email address you used during registration. Go to your Sporcle Settings to finish the process.

Report this User

Report this user for behavior that violates our Community Guidelines.

Details: